000 01115nam a2200349 a 4500
005 20191224041549.0
008 140224b1997 ck ||||| |||| 00| 0 spa d
040 _aCO-BoIAVH
_cCO-BoIAVH
041 _aspa
044 _ack
090 _aLB
_b00950
100 _aCelis Neira, Adriana María
_910117
245 _aManual del usuario
_balimentación del sistema de información etnobiogeográfica para el Pacífico colombiano
260 _aBogotá
_bProyecto Biopacífico
_c1997
300 _a130 paginas
650 4 _aManual del usuario
_943410
650 6 _aSistemas de información
_943411
650 6 _aEtnobiología
_98558
650 6 _aTaxonomia
_943412
650 6 _aHistoria natural
_943413
650 6 _aFauna
_943414
650 6 _aFlora
_943415
650 6 _aEcología
_943416
650 4 _aZonas de vida
_92016
650 6 _aDescripciones taxonómicas
_943417
650 6 _aDiversidad cultural
_943418
650 _aColecciones biológicas
_94146
650 _aReferencias Bibliográficas
_92837
650 _aUso de biodiversidad
_9343
700 _aRettig, Astrid
_910124
942 _cINFORME
_2z
999 _c962
_d962